000 00588nam a22002177a 4500
001 22113
005 20260323142414.0
008 260323b |||||||| |||| 00| 0 spa d
041 _aESP
082 _a354.5
_bM61
100 _a,
110 _aMinisterio de Agricultura
245 _aNueva estructuración del Ministerio de Agricultura :
_b plan de trabajo y proyecto de presupuesto para el año 1948
260 _a :
_b ,
_c1947
300 _avii, 290 páginas;, 2 h
_b ;
_c31 cm.
440 _a ;
650 _aEDU
654 _aCHU
700 _a;
942 _cLIB
_dJUS
_fJUS
_2ddc
999 _c22113
_d22113